000 02128nam0a2200421 4500
001 RU\NLR\bibl\791135
005 20260405072854.0
010 _a5-331-00036-3
_bв обл.
021 _aRU
_b2004-77983
_93848
035 _aRSL-KNO-002554542
035 _a(NLR Aleph) 000780377
090 _a1058296
_c1058296
100 _a20041216d2004 |||y0rusy50 ca
101 0 _arus
_aeng
102 _aRU
105 _aa |||||||||
106 _ar
200 1 _aРастительность Черноморского побережья России (Средиземноморский анклав)
_dVegetation of the Russian Black Sea coast (Mediterranean enclave)
_fС. А. Литвинская
_zeng
210 _aКраснодар
_c[б.и]
_d2004
215 _a118, [1] с.
_cцв. ил., табл.
_d30
300 _aАвт. также на англ. яз.: Svetlana Litvinskaya
300 _aНа 4-й с. обл. авт.: Литвинская Светлана Анатольевна - д.б.н., проф.
300 _aЧасть текста на англ. яз.
320 _aБиблиогр.: с. 118
320 _aДр. работы авт. на 4-й с. обл.
510 1 _6z22790
_aVegetation of the Russian Black Sea coast (Mediterranean enclave)
_zeng
606 1 _aРастения
_yЧерноморское побережье Российской Федерации
_92374589
_3RU\NLR\auth\661417159
610 0 _aБиологические науки -- Ботаника -- Фитогеография -- Российская Федерация -- Краснодарский край -- Иллюстративные издания
686 _aЕ585.9(2Р37-4Кр)я6
_2rubbk
686 _aЕ585.9(2Р37)
700 1 _4070
_8rus
_7ca
_aЛитвинская
_bС. А.
_gСветлана Анатольевна
_3RU\NLR\auth\7725303
_98352
790 1 _4070
_8rus
_7ba
_aLitvinskaja
_bS. A.
_gSvetlana Anatol'evna
_3RU\NLR\auth\7725305
_98354
801 0 _aRU
_bRuMoRKP
_c20041216
_grcr
801 1 _aRU
_bRuMoRGB
_c20041216
801 2 _aRU
_bNLR
_c20050421
_gPSBO
942 _cBOOK
980 _aNB